000 00872nas a2200265 4500
001 BR9214061
003 BR-BrBNA
005 20231205093549.0
007 ta
008 230509b bl.|||p| |||| 00| 00por d
040 _aBR-BrBNA
_bpor
_cBiblioteca Nacional de Agricultura
041 _a(Pt)
072 _aF60
100 1 _aSalgado, M.H.
100 1 _aCataneo, A.
245 1 _aModelos estatisticos envolvendo radiacao solar e a razao de area foliar (RAF)em sorgo sacarino (Sorghum bicolor (L.)Moench
246 1 _aInfluence of the solar energy in the growth of the Sorghum bicolor (L.)Moench
650 _aSorgo
650 _aCrescimento
650 _aRadiacao Solar
650 _aFolha
773 0 _tEnergia na Agricultura (Brazil)
_xISSN 0102-9169
_g(1992), v. 7(2) p. 27-37
_wBR9214061
909 _a202311
_bLúcia
_c55
_dLúcia Elande
942 _2AGRIS
_n0
_cANA
999 _c139185
_d139185